00850cam a2200265 a 450000100090000000300040000900500170001300800410003001000170007102000180008804000180010604200080012405000240013208200180015610000240017424500950019825000120029326000430030530000450034849000710039350400510046465000270051570000220054270000200056416748643OSt20230825131838.0110425s2012 nyua b 001 0 eng  a 2011017399 a9780077176501 aDLCcDLCdDLC apcc00aHG4026b.B6668 201200a658.15bBRE/F a Brealey, Richard A10aFundamentals of corporate finance /cRichard A. Brealey, Stewart C. Myers, Alan J. Marcus. a7th ed. aNew York :bMcGraw-Hill/Irwin,cc2012. axxx, 704, [44] p. :bcol. ill. ;c29 cm.0 aThe McGraw-Hill/Irwin series in finance, insurance and real estate aIncludes bibliographical references and index. 0aCorporationsxFinance.1 aMyers, Stewart C.1 aMarcus, Alan J.